Engineering Management (Record no. 595444)
[ view plain ]
| 000 -LEADER | |
|---|---|
| fixed length control field | 00309nam a22001217a 4500 |
| 040 ## - CATALOGING SOURCE | |
| Transcribing agency | NUST |
| 082 ## - DEWEY DECIMAL CLASSIFICATION NUMBER | |
| Classification number | 658.21 MAZ-P |
| 100 ## - MAIN ENTRY--PERSONAL NAME | |
| Personal name | Mazda, Fraidoon |
| 9 (RLIN) | 62240 |
| 245 ## - TITLE STATEMENT | |
| Title | Engineering Management |
| 260 ## - PUBLICATION, DISTRIBUTION, ETC. | |
| Place of publication, distribution, etc. | New Delhi: |
| Name of publisher, distributor, etc. | Pearson Education, |
| Date of publication, distribution, etc. | 2000. |
| 650 ## - SUBJECT ADDED ENTRY--TOPICAL TERM | |
| Topical term or geographic name entry element | Engineering Management |
| 9 (RLIN) | 67147 |
| 942 ## - ADDED ENTRY ELEMENTS (KOHA) | |
| Source of classification or shelving scheme | |
| Koha item type | Book |
| Withdrawn status | Lost status | Source of classification or shelving scheme | Damaged status | Not for loan | Permanent Location | Current Location | Shelving location | Date acquired | Total Checkouts | Full call number | Barcode | Date last seen | Price effective from | Koha item type |
|---|---|---|---|---|---|---|---|---|---|---|---|---|---|---|
| College of Electrical & Mechanical Engineering (CEME) | College of Electrical & Mechanical Engineering (CEME) | General Stacks | 08/08/2023 | 658.21 MAZ-P | CEME-41096 | 08/08/2023 | 08/08/2023 | Book | ||||||
| College of Electrical & Mechanical Engineering (CEME) | College of Electrical & Mechanical Engineering (CEME) | General Stacks | 08/08/2023 | 658.21 MAZ-P | CEME-41097 | 08/08/2023 | 08/08/2023 | Book |
